From sea to sea (Record no. 6117)

MARC details
000 -CABECERA
campo de control de longitud fija 01154nam a2200301 a 4500
001 - NÚMERO DE CONTROL
campo de control BRCA_6433
005 - FECHA Y HORA DE LA ÚLTIMA TRANSACCIÓN
campo de control 20190320205442.0
008 - DATOS DE LONGITUD FIJA--INFORMACIÓN GENERAL
campo de control de longitud fija 210911s1900----gw-#######---#000-0#eng-#
041 ## - CÓDIGO DE LENGUA
Código de lengua del texto/banda sonora o título independiente eng
044 ## - CÓDIGO DEL PAÍS DE LA ENTIDAD EDITORA/PRODUCTORA
Código MARC del país gw
050 #4 - SIGNATURA TOPOGRÁFICA DE LA BIBLIOTECA DEL CONGRESO
Número de clasificación PZ3
Número de documento/Ítem .B75 6 1900
100 1# - ENTRADA PRINCIPAL--NOMBRE DE PERSONA
Nombre de persona Kipling, Rudyard
Fechas asociadas al nombre 1865-1936
9 (RLIN) 16069
245 10 - MENCIÓN DE TÍTULO
Título From sea to sea
Mención de responsabilidad, etc. by Rudyard Kipling.
260 ## - PUBLICACIÓN, DISTRIBUCIÓN, ETC.
Lugar de publicación, distribución, etc. Leipzig, Alemania
Nombre del editor, distribuidor, etc. Bernhard Tauchnitz
Fecha de publicación, distribución, etc. 1900
300 ## - DESCRIPCIÓN FÍSICA
Extensión 320 p. (v.1)
Dimensiones 17 cm.
440 #0 - MENCIÓN DE SERIE/PUNTO DE ACCESO ADICIONAL--TÍTULO
Título Collection of British authors. Tauchnitz edition
Designación de volumen o secuencia v. 3430
9 (RLIN) 16070
500 ## - NOTA GENERAL
Nota general Contiene al final: lista completa de la Colección de Autores Británicos y Estadounidenses, 32 p.
500 ## - NOTA GENERAL
Nota general Edición de 2 v., la biblioteca solo cuenta con el v.1
500 ## - NOTA GENERAL
Nota general En la cubierta: Collection of British and American authors
500 ## - NOTA GENERAL
Nota general Ver también CEF6, H144, L2, L15, L16, L17, L19, L20, L22, L23, L24, L25, L26, L27, L32, L166, N9, N11, N12, N13 y N17
500 ## - NOTA GENERAL
Nota general L18
650 14 - PUNTO DE ACCESO ADICIONAL DE MATERIA--TÉRMINO DE MATERIA
Término de materia o nombre geográfico como elemento de entrada Viajes y travesías
9 (RLIN) 4701
650 14 - PUNTO DE ACCESO ADICIONAL DE MATERIA--TÉRMINO DE MATERIA
Término de materia o nombre geográfico como elemento de entrada Literatura inglesa
9 (RLIN) 16071
650 14 - PUNTO DE ACCESO ADICIONAL DE MATERIA--TÉRMINO DE MATERIA
Término de materia o nombre geográfico como elemento de entrada Viajes ingleses
9 (RLIN) 16072
651 #4 - PUNTO DE ACCESO ADICIONAL DE MATERIA--NOMBRE GEOGRÁFICO
Nombre geográfico Estados Unidos
Subdivisión general Descripción y viajes
9 (RLIN) 16073
902 ## - CATALOGADOR
Iniciales GFM
942 ## - ELEMENTOS DE PUNTO DE ACCESO ADICIONAL (KOHA)
Fuente del sistema de clasificación o colocación Library of Congress Classification
Tipo de ítem Koha Libros
Holdings
Estado de retiro Estado de pérdida Estado dañado No para préstamo Localización permanente Ubicación/localización actual Fecha de adquisición Número de inventario Total de préstamos Signatura topográfica completa Código de barras Fecha visto por última vez Precio válido a partir de Tipo de ítem Koha
El ejemplar forma parte de la colección y puede ser consultado según las políticas vigentes.       Biblioteca del Museo Franz Mayer (Rogerio Casas-Alatriste) Biblioteca del Museo Franz Mayer (Rogerio Casas-Alatriste) 21/09/2011 L18   PZ3 .B75 6 1900 (L18) 6880 22/03/2019 22/03/2019 Libros